<?xml version="1.0" encoding="UTF-8"?>
<collection xmlns="http://www.loc.gov/MARC21/slim">
<record>
  <controlfield tag="001">259335</controlfield>
  <controlfield tag="005">20230212174303.0</controlfield>
  <datafield tag="035" ind1=" " ind2=" ">
    <subfield code="a">G:(GEPRIS)414779594</subfield>
  </datafield>
  <datafield tag="024" ind1="7" ind2=" ">
    <subfield code="a">G:(GEPRIS)414779594</subfield>
    <subfield code="d">414779594</subfield>
  </datafield>
  <datafield tag="040" ind1=" " ind2=" ">
    <subfield code="a">GEPRIS</subfield>
    <subfield code="c">http://gepris.its.kfa-juelich.de</subfield>
  </datafield>
  <datafield tag="150" ind1=" " ind2=" ">
    <subfield code="a">Kooperierende Lewis-Paare auf Basis von fluorhaltigen Aluminium- und Bismut-Akzeptoreinheiten (B01)</subfield>
    <subfield code="y">2019 -</subfield>
  </datafield>
  <datafield tag="371" ind1=" " ind2=" ">
    <subfield code="a">Professor Dr. Christian Limberg</subfield>
  </datafield>
  <datafield tag="450" ind1=" " ind2=" ">
    <subfield code="a">SFB 1349 B01</subfield>
    <subfield code="w">d</subfield>
    <subfield code="y">2019 -</subfield>
  </datafield>
  <datafield tag="510" ind1="1" ind2=" ">
    <subfield code="a">Deutsche Forschungsgemeinschaft</subfield>
    <subfield code="0">I:(DE-588b)2007744-0</subfield>
    <subfield code="b">DFG</subfield>
  </datafield>
  <datafield tag="550" ind1=" " ind2=" ">
    <subfield code="0">G:(GEPRIS)387284271</subfield>
    <subfield code="a">SFB 1349: Fluor-Spezifische Wechselwirkungen: Grundlagen und Anwendungen</subfield>
    <subfield code="w">t</subfield>
  </datafield>
  <datafield tag="680" ind1=" " ind2=" ">
    <subfield code="a">Im Projekt B1|Limberg werden intramolekulare frustrierte (bzw. kooperierende) Lewis-Paare (FLPs) unter-sucht. Innerhalb des so aufgebauten Spannungsfeldes können kleine Moleküle polarisiert und unter Spaltung von σ- und/oder π-Bindungen transformiert werden. Dabei werden Aluminium- und Bismut-basierte Gruppen als Lewis-acide Zentren eingesetzt. Fluor-Spezifische Effekte wie negative Hyperkonjugation müssen zur Ein-stellung der Lewis-Acidität berücksichtigt werden.</subfield>
  </datafield>
  <datafield tag="909" ind1="C" ind2="O">
    <subfield code="o">oai:juser.fz-juelich.de:925938</subfield>
    <subfield code="p">authority:GRANT</subfield>
    <subfield code="p">authority</subfield>
  </datafield>
  <datafield tag="980" ind1=" " ind2=" ">
    <subfield code="a">G</subfield>
  </datafield>
  <datafield tag="980" ind1=" " ind2=" ">
    <subfield code="a">AUTHORITY</subfield>
  </datafield>
  <datafield tag="909" ind1="C" ind2="O">
    <subfield code="o">oai:juser.fz-juelich.de:925938</subfield>
  </datafield>
</record>
</collection>